Все города России - Statistics

General Stats
  • This quiz has been taken 444 times
  • The average score is 295 of 1125
Answer Stats
Население Подсказка Город % Correct
13 149 803 Город федерального значения Москва
96%
5 597 763 Город федерального значения Санкт-Петербург
80%
1 138 654 Краснодарский край Краснодар
77%
412 994 Тверская область Тверь
75%
28 122 Ярославская область Ростов
73%
266 681 Мурманская область Мурманск
73%
344 082 Владимирская область Владимир
72%
222 340 Новгородская область Великий Новгород
72%
1 318 604 Республика Татарстан Казань
72%
436 678 Курская область Курск
71%
1 018 898 Волгоградская область Волгоград
70%
567 443 Ярославская область Ярославль
69%
461 692 Тульская область Тула
69%
1 046 425 Воронежская область Воронеж
69%
296 665 Архангельская область Архангельск
69%
489 584 Калининградская область Калининград
69%
1 205 473 Красноярский край Красноярск
69%
1 104 485 Омская область Омск
69%
373 310 Брянская область Брянск
68%
328 482 Белгородская область Белгород
68%
1 158 952 Самарская область Самара
68%
887 365 Саратовская область Саратов
68%
1 536 183 Свердловская область Екатеринбург
68%
310 645 Смоленская область Смоленск
67%
358 437 Ивановская область Иваново
67%
329 673 Калужская область Калуга
67%
27 661 Калужская область Киров
67%
520 509 Рязанская область Рязань
67%
485 260 Липецкая область Липецк
67%
1 204 985 Нижегородская область Нижний Новгород
67%
475 464 Кировская область Киров
67%
1 026 912 Пермский край Пермь
67%
1 163 304 Республика Башкортостан Уфа
67%
292 406 Орловская область Орёл
66%
187 129 Псковская область Псков
66%
536 862 Оренбургская область Оренбург
66%
465 524 Астраханская область Астрахань
66%
444 989 Краснодарский край Сочи
66%
606 369 Иркутская область Иркутск
66%
1 633 851 Новосибирская область Новосибирск
66%
256 684 Московская область Химки
65%
265 761 Костромская область Кострома
65%
256 268 Тамбовская область Тамбов
65%
1 177 058 Челябинская область Челябинск
65%
561 374 Город федерального значения Севастополь
64%
557 271 Ставропольский край Ставрополь
63%
544 600 Кемеровская область Кемерово
63%
311 859 Вологодская область Вологда
62%
488 299 Пензенская область Пенза
62%
12 569 Челябинская область Сим
62%
591 628 Приморский край Владивосток
62%
333 672 Чеченская Республика Грозный
61%
861 098 Тюменская область Тюмень
61%
545 391 Томская область Томск
61%
622 091 Республика Дагестан Махачкала
60%
611 683 Ульяновская область Ульяновск
59%
530 311 Московская область Балашиха
58%
340 540 Республика Крым Симферополь
58%
302 354 Курганская область Курган
58%
367 667 Республика Саха (Якутия) Якутск
58%
89 193 Магаданская область Магадан
57%
235 694 Республика Карелия Петрозаводск
56%
82 695 Краснодарский край Анапа
56%
615 570 Хабаровский край Хабаровск
56%
312 911 Московская область Подольск
55%
219 685 Республика Коми Сыктывкар
55%
618 776 Удмуртская республика Ижевск
55%
261 626 Краснодарский край Новороссийск
55%
1 140 487 Ростовская область Ростов-на-Дону
55%
620 419 Алтайский край Барнаул
55%
275 313 Московская область Мытищи
54%
684 709 Самарская область Тольятти
54%
292 717 Республика Северная Осетия - Алания Владикавказ
53%
109 745 Ханты-Мансийский автономный округ - Югра Ханты-Мансийск
53%
193 127 Московская область Красногорск
52%
496 350 Республика Чувашия Чебоксары
52%
285 042 Республика Марий Эл Йошкар-Ола
52%
545 750 Республика Татарстан Набережные Челны
51%
35 481 Республика Башкортостан Благовещенск
51%
174 453 Красноярский край Норильск
51%
239 864 Амурская область Благовещенск
51%
435 751 Республика Бурятия Улан-Удэ
51%
236 339 Московская область Люберцы
50%
56 131 Республика Коми Воркута
50%
310 898 Республика Мордовия Саранск
50%
163 152 Камчатский край Петропавловск-Камчатский
50%
180 085 Сахалинская область Южно-Сахалинск
50%
189 195 Оренбургская область Орск
49%
154 621 Республика Крым Керчь
49%
245 756 Кабардино-Балкарская Республика Нальчик
49%
333 159 Забайкальский край Чита
49%
226 007 Московская область Королёв
48%
177 29 Ярославская область Рыбинск
48%
37 015 Ленинградская область Луга
48%
74 652 Республика Крым Ялта
48%
413 755 Челябинская область Магнитогорск
48%
13 043 Чукотский автономный округ Анадырь
48%
103 219 Республика Калмыкия Элиста
47%
124 953 Республика Дагестан Дербент
47%
141 778 Московская область Электросталь
46%
57 053 Владимирская область Александров
46%
216 598 Нижегородская область Дзержинск
46%
132 247 Московская область Коломна
45%
88 425 Московская область Клин
45%
91 719 Ленинградская область Гатчина
45%
301 040 Вологодская область Череповец
45%
82 534 Краснодарский край Ейск
45%
66 293 Республика Крым Феодосия
45%
108 690 Приморский край Артём
45%
187 301 Московская область Одинцово
44%
156 681 Московская область Домодедово
44%
133 756 Московская область Серпухов
44%
111 580 Московская область Пушкино
44%
98 251 Московская область Сергиев Посад
44%
71 279 Ленинградская область Выборг
44%
165 725 Самарская область Сызрань
44%
80 296 Краснодарский край Геленджик
44%
245 120 Ростовская область Таганрог
44%
112 782 Карачаево-Черкесская Республика Черкесск
44%
126 674 Ставропольский край Кисловодск
44%
334 209 Свердловская область Нижний Тагил
44%
100 352 Тюменская область Тобольск
44%
396 443 Ханты-Мансийский автономный округ - Югра Сургут
44%
49 160 Ямало-Ненецкий автономный округ Салехард
44%
64 508 Республика Алтай Горно-Алтайск
44%
224 071 Иркутская область Братск
44%
67 788 Еврейская автономная область Биробиджан
44%
63 044 Московская область Дмитров
43%
15 656 Калужская область Жуков
43%
97 038 Курская область Железногорск
43%
52 164 Республика Марий Эл Волжск
43%
144 955 Ставропольский край Пятигорск
43%
537 480 Кемеровская область Новокузнецк
43%
82 723 Красноярский край Железногорск
43%
130 042 Республика Тыва Кызыл
43%
185 804 Республика Хакасия Абакан
43%
104 728 Московская область Орехово-Зуево
42%
74 032 Московская область Дубна
42%
77 582 Нижегородская область Бор
42%
225 428 Саратовская область Энгельс
42%
60 707 Краснодарский край Туапсе
42%
226 452 Ростовская область Шахты
42%
46 623 Ростовская область Донецк
42%
221 296 Иркутская область Ангарск
42%
110 083 Московская область Жуковский
41%
9286 Владимирская область Суздаль
41%
155 647 Архангельская область Северодвинск
41%
24 266 Ненецкий автономный округ Нарьян-Мар
41%
241 479 Республика Татарстан Нижнекамск
41%
137 965 Республика Адыгея Майкоп
41%
107 877 Республика Крым Евпатория
41%
69 569 Ставропольский край Минеральные Воды
41%
37 271 Московская область Звенигород
40%
55 757 Тверская область Ржев
40%
107 497 Владимирская область Муром
40%
28 266 Вологодская область Великий Устюг
40%
321 479 Волгоградская область Волжский
40%
13 391 Волгоградская область Ленинск
40%
106 764 Ямало-Ненецкий автономный округ Новый Уренгой
40%
112 070 Московская область Реутов
39%
86 164 Московская область Чехов
39%
34 971 Московская область Истра
39%
8364 Ивановская область Комсомольск
39%
129 584 Калужская область Обнинск
39%
119 697 Тульская область Новомосковск
39%
22 384 Воронежская область Павловск
39%
112 536 Ленинградская область Мурино
39%
73 630 Республика Татарстан Елабуга
39%
277 410 Республика Башкортостан Стерлитамак
39%
235 488 Хабаровский край Комсомольск-на-Амуре
39%
119 089 Московская область Долгопрудный
38%
25 729 Московская область Волоколамск
38%
41 116 Тверская область Торжок
38%
132 417 Владимирская область Ковров
38%
51 552 Владимирская область Гусь-Хрустальный
38%
5127 Курская область Суджа
38%
26 986 Ленинградская область Кировск
38%
24 271 Мурманская область Кировск
38%
85 989 Псковская область Великие Луки
38%
155 988 Республика Татарстан Альметьевск
38%
148 575 Республика Башкортостан Салават
38%
184 219 Краснодарский край Армавир
38%
168 048 Ростовская область Волгодонск
38%
31 364 Республика Крым Алушта
38%
283 256 Ханты-Мансийский автономный округ - Югра Нижневартовск
38%
135 918 Московская область Щёлково
37%
113 897 Московская область Раменское
37%
81 143 Московская область Лобня
37%
221 676 Белгородская область Старый Оскол
37%
77 187 Республика Коми Ухта
37%
18 521 Республика Ингушетия Магас
37%
124 732 Ханты-Мансийский автономный округ - Югра Нефтеюганск
37%
183 852 Алтайский край Бийск
37%
21 621 Иркутская область Железногорск-Илимский
37%
102 392 Московская область Ногинск
36%
74 493 Московская область Наро-Фоминск
36%
15 269 Московская область Руза
36%
27 174 Архангельская область Мирный
36%
17 133 Калининградская область Зеленоградск
36%
4321 Калининградская область Озёрск
36%
28 438 Мурманская область Кандалакша
36%
103 997 Нижегородская область Арзамас
36%
135 533 Пермский край Березники
36%
88 789 Пермский край Соликамск
36%
124 086 Республика Ингушетия Назрань
36%
36 011 Республика Северная Осетия - Алания Беслан
36%
121 534 Ставропольский край Ессентуки
36%
147 449 Челябинская область Миасс
36%
76 434 Челябинская область Озёрск
36%
100 621 Красноярский край Ачинск
36%
54 279 Красноярский край Зеленогорск
36%
34 013 Республика Саха (Якутия) Мирный
36%
106 222 Московская область Видное
35%
71 169 Московская область Егорьевск
35%
47 514 Московская область Солнечногорск
35%
32 755 Московская область Можайск
35%
99 875 Липецкая область Елец
35%
53 932 Ленинградская область Тихвин
35%
37 539 Ленинградская область Волхов
35%
48 748 Мурманская область Апатиты
35%
66 651 Кировская область Кирово-Чепецк
35%
3955 Республика Татарстан Иннополис
35%
110 968 Ульяновская область Димитровград
35%
163 674 Ростовская область Новочеркасск
35%
81 924 Ростовская область Азов
35%
159 662 Челябинская область Златоуст
35%
95 071 Московская область Воскресенск
34%
26 606 Московская область Красноармейск
34%
20 564 Костромская область Буй
34%
7889 Тульская область Советск
34%
39 680 Белгородская область Шебекино
34%
48 807 Ленинградская область Кингисепп
34%
6334 Ленинградская область Приморск
34%
38 614 Калининградская область Советск
34%
27 032 Калининградская область Балтийск
34%
16 771 Калининградская область Светлогорск
34%
1447 Калининградская область Приморск
34%
43 394 Мурманская область Североморск
34%
14 626 Кировская область Советск
34%
10 502 Пермский край Александровск
34%
120 375 Республика Чувашия Новочебоксарск
34%
131 942 Республика Башкортостан Нефтекамск
34%
48 564 Самарская область Жигулёвск
34%
20 703 Самарская область Октябрьск
34%
21 350 Саратовская область Красноармейск
34%
54 420 Краснодарский край Крымск
34%
37 014 Республика Крым Джанкой
34%
17 834 Республика Крым Судак
34%
9063 Республика Крым Алупка
34%
146 125 Челябинская область Копейск
34%
69 983 Челябинская область Троицк
34%
179 86 Приморский край Уссурийск
34%
8769 Сахалинская область Александровск-Сахалинский
34%
25 374 Смоленская область Гагарин
33%
10 085 Рязанская область Михайлов
33%
90 451 Тамбовская область Мичуринск
33%
18 359 Белгородская область Новый Оскол
33%
28 820 Калининградская область Гусев
33%
14 787 Республика Карелия Сортавала
33%
99 137 Республика Татарстан Зеленодольск
33%
184 466 Саратовская область Балаково
33%
35 635 Астраханская область Ахтубинск
33%
61 449 Краснодарский край Славянск-на-Кубани
33%
20 692 Республика Крым Армянск
33%
155 144 Республика Дагестан Хасавюрт
33%
121 140 Республика Дагестан Каспийск
33%
101 235 Ямало-Ненецкий автономный округ Ноябрьск
33%
126 834 Алтайский край Рубцовск
33%
136 096 Приморский край Находка
33%
65 297 Московская область Павловский Посад
32%
44 657 Московская область Краснознаменск
32%
44 551 Московская область Кашира
32%
17 793 Московская область Электроугли
32%
32 719 Ярославская область Углич
32%
54 147 Воронежская область Лиски
32%
9552 Ленинградская область Ивангород
32%
3374 Калининградская область Краснознаменск
32%
97 471 Удмуртская республика Воткинск
32%
126 988 Ростовская область Батайск
32%
16 298 Республика Крым Белогорск
32%
22 887 Ставропольский край Лермонтов
32%
19 556 Красноярский край Дудинка
32%
60 350 Амурская область Белогорск
32%
63 506 Московская область Ступино
31%
30 373 Московская область Дедовск
31%
20 234 Тверская область Бологое
31%
37 738 Ярославская область Переславль-Залесский
31%
5621 Ярославская область Мышкин
31%
85 225 Белгородская область Губкин
31%
60 687 Воронежская область Борисоглебск
31%
63 462 Ленинградская область Сосновый Бор
31%
32 074 Ленинградская область Тосно
31%
56 122 Архангельская область Котлас
31%
7607 Вологодская область Никольск
31%
25 928 Республика Карелия Костомукша
31%
25 295 Республика Карелия Кондопога
31%
11 737 Республика Карелия Медвежьегорск
31%
39 477 Мурманская область Мончегорск
31%
20 875 Мурманская область Оленегорск
31%
93 721 Нижегородская область Саров
31%
75 324 Пермский край Чайковский
31%
28 630 Пермский край Кудымкар
31%
87 762 Удмуртская республика Глазов
31%
81 677 Республика Татарстан Бугульма
31%
19 873 Пензенская область Никольск
31%
16 154 Астраханская область Камызяк
31%
28 609 Республика Крым Бахчисарай
31%
24 285 Республика Крым Саки
31%
35 662 Республика Северная Осетия - Алания Моздок
31%
22 418 Ставропольский край Железноводск
31%
73 727 Свердловская область Верхняя Пышма
31%
9925 Свердловская область Верхний Тагил
31%
67 614 Тюменская область Ишим
31%
79 570 Иркутская область Усть-Илимск
31%
70 089 Красноярский край Минусинск
31%
102 850 Новосибирская область Бердск
31%
41 946 Новосибирская область Куйбышев
31%
83 941 Московская область Ивантеевка
30%
45 830 Тверская область Вышний Волочёк
30%
17 557 Курская область Льгов
30%
15 069 Курская область Рыльск
30%
30 658 Воронежская область Нововоронеж
30%
3214 Новгородская область Холм
30%
3465 Псковская область Гдов
30%
22 875 Республика Татарстан Менделеевск
30%
78 390 Пензенская область Кузнецк
30%
107 927 Волгоградская область Камышин
30%
74 893 Краснодарский край Кропоткин
30%
39 050 Краснодарский край Усть-Лабинск
30%
103 480 Ростовская область Новошахтинск
30%
115 826 Ставропольский край Невинномысск
30%
36 918 Иркутская область Усть-Кут
30%
86 816 Красноярский край Канск
30%
1 492 Красноярский край Артёмовск
30%
72 311 Московская область Котельники
29%
58 661 Московская область Фрязино
29%
38 483 Московская область Апрелевка
29%
17 747 Владимирская область Покров
29%
13 317 Владимирская область Петушки
29%
40 318 Курская область Курчатов
29%
17 624 Воронежская область Калач
29%
13 850 Ленинградская область Шлиссельбург
29%
34 001 Республика Коми Печора
29%
19 372 Республика Коми Инта
29%
12 154 Мурманская область Полярный
29%
27 487 Новгородская область Старая Русса
29%
24 628 Астраханская область Знаменск
29%
13 460 Волгоградская область Николаевск
29%
49 999 Республика Дагестан Кизляр
29%
66 352 Чеченская Республика Гудермес
29%
48 231 Свердловская область Лесной
29%
63 034 Ханты-Мансийский автономный округ - Югра Нягань
29%
50 717 Челябинская область Снежинск
29%
13 199 Иркутская область Байкальск
29%
177 819 Кемеровская область Прокопьевск
29%
37 932 Хабаровский край Амурск
29%
17 815 Хабаровский край Николаевск-на-Амуре
29%
50 611 Смоленская область Вязьма
28%
1896 Ивановская область Плёс
28%
12 686 Калужская область Боровск
28%
63 059 Брянская область Клинцы
28%
36 578 Белгородская область Алексеевка
28%
49 631 Ленинградская область Кириши
28%
18 444 Ленинградская область Лодейное Поле
28%
7147 Ленинградская область Новая Ладога
28%
1858 Архангельская область Сольвычегодск
28%
7407 Республика Карелия Беломорск
28%
20 923 Псковская область Остров
28%
7850 Псковская область Дно
28%
62 173 Пермский край Кунгур
28%
115 557 Республика Башкортостан Октябрьский
28%
13 191 Республика Адыгея Адыгейск
28%
68 121 Республика Дагестан Буйнакск
28%
112 793 Ставропольский край Михайловск
28%
57 121 Ставропольский край Будённовск
28%
162 177 Свердловская область Каменск-Уральский
28%
93 192 Свердловская область Серов
28%
55 727 Свердловская область Краснотурьинск
28%
9714 Свердловская область Михайловск
28%
55 730 Красноярский край Лесосибирск
28%
17 537 Красноярский край Енисейск
28%
30 369 Новосибирская область Обь
28%
15 015 Забайкальский край Петровск-Забайкальский
28%
768 Республика Саха (Якутия) Верхоянск
28%
57 434 Московская область Дзержинский
27%
29 912 Московская область Электрогорск
27%
23 826 Московская область Озёры
27%
22 861 Московская область Голицыно
27%
20 981 Московская область Бронницы
27%
20 383 Московская область Зарайск
27%
19 342 Московская область Пущино
27%
18 472 Московская область Черноголовка
27%
14 290 Московская область Краснозаводск
27%
78 011 Ленинградская область Всеволожск
27%
27 751 Калининградская область Гурьевск
27%
9712 Республика Карелия Кемь
27%
14 231 Мурманская область Заполярный
27%
44 780 Пермский край Чусовой
27%
19 355 Республика Марий Эл Козьмодемьянск
27%
8285 Республика Татарстан Болгар
27%
59 195 Республика Башкортостан Белебей
27%
55 035 Саратовская область Вольск
27%
28 749 Саратовская область Маркс
27%
26 149 Оренбургская область Соль-Илецк
27%
56 128 Краснодарский край Лабинск
27%
86 365 Ростовская область Каменск-Шахтинский
27%
55 996 Республика Дагестан Избербаш
27%
31 412 Республика Дагестан Дагестанские Огни
27%
23 728 Карачаево-Черкесская Республика Карачаевск
27%
68 609 Курганская область Шадринск
27%
112 860 Свердловская область Первоуральск
27%
38 288 Ханты-Мансийский автономный округ - Югра Югорск
27%
96 174 Кемеровская область Междуреченск
27%
92 244 Кемеровская область Ленинск-Кузнецкий
27%
68 542 Кемеровская область Белово
27%
22 134 Кемеровская область Гурьевск
27%
27 477 Красноярский край Дивногорск
27%
15 174 Красноярский край Бородино
27%
106 648 Томская область Северск
27%
19 888 Сахалинская область Оха
27%
36 714 Московская область Шатура
26%
29 808 Московская область Луховицы
26%
23 472 Московская область Кубинка
26%
13 455 Московская область Белоозёрский
26%
21 466 Тверская область Бежецк
26%
3125 Тверская область Белый
26%
16 084 Ярославская область Гаврилов-Ям
26%
77 694 Ивановская область Кинешма
26%
29 715 Ивановская область Фурманов
26%
20 049 Липецкая область Лебедянь
26%
33 514 Ленинградская область Сланцы
26%
18 235 Ленинградская область Приозерск
26%
15 480 Ленинградская область Бокситогорск
26%
10 023 Мурманская область Снежногорск
26%
91 115 Удмуртская республика Сарапул
26%
60 993 Республика Татарстан Лениногорск
26%
6936 Пензенская область Спасск
26%
74 057 Саратовская область Балашов
26%
88 341 Оренбургская область Бузулук
26%
40 994 Краснодарский край Темрюк
26%
25 569 Республика Крым Красноперекопск
26%
38 335 Республика Дагестан Кизилюрт
26%
57 060 Чеченская Республика Шали
26%
43 456 Чеченская Республика Аргун
26%
59 778 Кабардино-Балкарская Республика Прохладный
26%
35 972 Свердловская область Алапаевск
26%
22 030 Свердловская область Невьянск
26%
45 229 Ямало-Ненецкий автономный округ Надым
26%
25 969 Ямало-Ненецкий автономный округ Лабытнанги
26%
30 640 Иркутская область Зима
26%
28 160 Амурская область Тында
26%
25 082 Сахалинская область Холмск
26%
66 526 Московская область Лыткарино
25%
37 221 Московская область Протвино
25%
33 945 Московская область Ликино-Дулёво
25%
40 875 Тверская область Кимры
25%
39 643 Ярославская область Тутаев
25%
33 032 Белгородская область Валуйки
25%
66 310 Ленинградская область Кудрово
25%
15 512 Ленинградская область Подпорожье
25%
12 283 Ленинградская область Сясьстрой
25%
16 449 Архангельская область Онега
25%
35 705 Калининградская область Черняховск
25%
9216 Калининградская область Неман
25%
14 078 Мурманская область Полярные Зори
25%
9088 Мурманская область Гаджиево
25%
48 569 Нижегородская область Балахна
25%
33 092 Пермский край Чернушка
25%
58 815 Республика Татарстан Чистополь
25%
44 295 Республика Башкортостан Бирск
25%
98 306 Самарская область Новокуйбышевск
25%
43 593 Оренбургская область Бугуруслан
25%
36 669 Волгоградская область Урюпинск
25%
13 834 Республика Калмыкия Лагань
25%
41 482 Краснодарский край Горячий Ключ
25%
30 465 Краснодарский край Приморско-Ахтарск
25%
14 731 Ростовская область Цимлянск
25%
10 470 Республика Крым Старый Крым
25%
62 525 Республика Ингушетия Сунжа
25%
65 698 Чеченская Республика Урус-Мартан
25%
31 286 Чеченская Республика Ачхой-Мартан
25%
77 894 Свердловская область Новоуральск
25%
60 566 Свердловская область Берёзовский
25%
59 521 Свердловская область Ревда
25%
36 226 Свердловская область Реж
25%
66 583 Кемеровская область Анжеро-Судженск
25%
44 073 Кемеровская область Берёзовский
25%
23 553 Московская область Старая Купавна
24%
20 875 Московская область Рошаль
24%
20 468 Московская область Хотьково
24%
16 940 Московская область Талдом
24%
13 618 Московская область Яхрома
24%
6330 Тверская область Весьегонск
24%
24 618 Смоленская область Десногорск
24%
17 569 Владимирская область Радужный
24%
16 603 Калужская область Козельск
24%
6179 Белгородская область Грайворон
24%
1121 Ленинградская область Высоцк
24%
21 406 Архангельская область Вельск
24%
2832 Архангельская область Мезень
24%
6379 Калининградская область Багратионовск
24%
31 200 Республика Коми Усинск
24%
8933 Мурманская область Кола
24%
13 980 Псковская область Невель
24%
47 968 Пермский край Краснокамск
24%
14 294 Пермский край Очёр
24%
6489 Пермский край Усолье
24%
12 762 Республика Чувашия Цивильск
24%
64 525 Республика Башкортостан Белорецк
24%
64 041 Республика Башкортостан Ишимбай
24%
70 228 Самарская область Чапаевск
24%
18 076 Самарская область Нефтегорск
24%
75 960 Оренбургская область Новотроицк
24%
11 104 Астраханская область Нариманов
24%
8285 Республика Калмыкия Городовиковск
24%
54 582 Краснодарский край Тихорецк
24%
38 866 Краснодарский край Абинск
24%
33 487 Краснодарский край Новокубанск
24%
37 339 Республика Ингушетия Малгобек
24%
23 075 Ставропольский край Нефтекумск
24%
37 307 Свердловская область Красноуфимск
24%
36 587 Свердловская область Ирбит
24%
32 272 Свердловская область Тавда
24%
24 029 Свердловская область Североуральск
24%
23 651 Свердловская область Среднеуральск
24%
21 384 Свердловская область Красноуральск
24%
8392 Свердловская область Волчанск
24%
27 100 Тюменская область Заводоуковск
24%
61 441 Ханты-Мансийский автономный округ - Югра Когалым
24%
43 577 Ханты-Мансийский автономный округ - Югра Радужный
24%
42 701 Ханты-Мансийский автономный округ - Югра Лангепас
24%
31 138 Ханты-Мансийский автономный округ - Югра Советский
24%
27 442 Челябинская область Аша
24%
21 016 Челябинская область Усть-Катав
24%
79 693 Кемеровская область Юрга
24%
3 364 Красноярский край Игарка
24%
48 789 Амурская область Свободный
24%
7429 Амурская область Циолковский
24%
11 991 Республика Саха (Якутия) Покровск
24%
12 971 Московская область Высоковск
23%
12 206 Московская область Дрезна
23%
11 434 Московская область Пересвет
23%
4910 Московская область Верея
23%
7869 Тверская область Западная Двина
23%
5150 Ярославская область Пошехонье
23%
55 225 Ивановская область Шуя
23%
60 842 Тульская область Алексин
23%
71 614 Ленинградская область Сертолово
23%
25 258 Ленинградская область Отрадное
23%
22 428 Ленинградская область Бугры
23%
20 161 Ленинградская область Пикалёво
23%
13 836 Ленинградская область Колтуши
23%
11 646 Вологодская область Бабаево
23%
8183 Вологодская область Белозерск
23%
8094 Республика Карелия Питкяранта
23%
5855 Республика Карелия Лахденпохья
23%
9808 Псковская область Печоры
23%
45 240 Нижегородская область Выкса
23%
35 068 Нижегородская область Богородск
23%
44 345 Удмуртская республика Можга
23%
33 990 Республика Татарстан Нурлат
23%
20 421 Республика Татарстан Арск
23%
68 349 Республика Башкортостан Туймазы
23%
57 949 Республика Башкортостан Кумертау
23%
14 219 Республика Башкортостан Агидель
23%
58 510 Пензенская область Заречный
23%
46 984 Самарская область Отрадный
23%
26 319 Саратовская область Петровск
23%
23 693 Оренбургская область Медногорск
23%
51 398 Краснодарский край Тимашёвск
23%
39 577 Краснодарский край Апшеронск
23%
10 131 Республика Крым Щёлкино
23%
43 772 Республика Ингушетия Карабулак
23%
62 036 Ставропольский край Георгиевск
23%
28 775 Свердловская область Артёмовский
23%
28 517 Свердловская область Заречный
23%
10 530 Свердловская область Новая Ляля
23%
8465 Свердловская область Верхняя Тура
23%
44 671 Челябинская область Чебаркуль
23%
37 313 Челябинская область Южноуральск
23%
83 431 Кемеровская область Киселёвск
23%
40 779 Кемеровская область Мариинск
23%
21 752 Кемеровская область Калтан
23%
40 442 Красноярский край Сосновоборск
23%
23 711 Новосибирская область Татарск
23%
27 146 Омская область Тара
23%
24 34 Республика Бурятия Северобайкальск
23%
53 526 Республика Саха (Якутия) Нерюнгри
23%
21 181 Республика Саха (Якутия) Ленск
23%
2537 Сахалинская область Курильск
23%
5409 Чукотский автономный округ Билибино
23%
4230 Чукотский автономный округ Певек
23%
19 890 Московская область Куровское
22%
23 780 Белгородская область Строитель
22%
23 986 Ленинградская область Тельмана
22%
13 419 Ленинградская область Светогорск
22%
7009 Ленинградская область Каменногорск
22%
4321 Ленинградская область Любань
22%
21 850 Республика Коми Сосногорск
22%
15 423 Мурманская область Ковдор
22%
7760 Мурманская область Заозёрск
22%
9996 Новгородская область Малая Вишера
22%
53 057 Пермский край Лысьва
22%
22 077 Пермский край Верещагино
22%
19 369 Пермский край Оса
22%
32 265 Республика Чувашия Алатырь
22%
21 628 Республика Татарстан Бавлы
22%
19 860 Республика Татарстан Агрыз
22%
17 886 Республика Татарстан Кукмор
22%
16 008 Республика Татарстан Мензелинск
22%
9076 Республика Татарстан Лаишево
22%
17 833 Республика Башкортостан Баймак
22%
13 673 Ульяновская область Новоульяновск
22%
46 393 Краснодарский край Курганинск
22%
41 391 Краснодарский край Кореновск
22%
33 175 Краснодарский край Гулькевичи
22%
21 829 Краснодарский край Хадыженск
22%
10 503 Республика Дагестан Южно-Сухокумск
22%
11 165 Чеченская Республика Наурская
22%
39 749 Кабардино-Балкарская Республика Баксан
22%
26 286 Кабардино-Балкарская Республика Майский
22%
22 061 Кабардино-Балкарская Республика Тырныауз
22%
20 837 Кабардино-Балкарская Республика Чегем
22%
31 357 Карачаево-Черкесская Республика Усть-Джегута
22%
8978 Карачаево-Черкесская Республика Теберда
22%
18 915 Республика Северная Осетия - Алания Ардон
22%
38 177 Ставропольский край Изобильный
22%
32 972 Ставропольский край Зеленокумск
22%
26 410 Ставропольский край Новоалександровск
22%
25 682 Ставропольский край Ипатово
22%
56 533 Свердловская область Асбест
22%
54 364 Свердловская область Полевской
22%
40 474 Свердловская область Верхняя Салда
22%
36 910 Свердловская область Качканар
22%
29 895 Свердловская область Богданович
22%
18 497 Свердловская область Кировград
22%
17 985 Свердловская область Нижняя Тура
22%
14 041 Свердловская область Ивдель
22%
38 853 Тюменская область Ялуторовск
22%
52 887 Ханты-Мансийский автономный округ - Югра Мегион
22%
40 180 Ханты-Мансийский автономный округ - Югра Пыть-Ях
22%
33 869 Ямало-Ненецкий автономный округ Губкинский
22%
35 325 Челябинская область Кыштым
22%
32 385 Алтайский край Камень-на-Оби
22%
38 440 Иркутская область Тулун
22%
34 491 Иркутская область Тайшет
22%
75 745 Республика Хакасия Черногорск
22%
51 137 Забайкальский край Краснокаменск
22%
36 199 Камчатский край Елизово
22%
21 490 Республика Саха (Якутия) Алдан
22%
16 674 Тверская область Осташков
21%
29 560 Тульская область Богородицк
21%
27 821 Рязанская область Касимов
21%
43 908 Липецкая область Грязи
21%
12 538 Брянская область Фокино
21%
21 382 Ленинградская область Никольское
21%
11 433 Ленинградская область Волосово
21%
18 146 Архангельская область Няндома
21%
34 298 Вологодская область Сокол
21%
12 873 Калининградская область Пионерский
21%
3934 Калининградская область Правдинск
21%
9001 Республика Коми Вуктыл
21%
1412 Мурманская область Островной
21%
3222 Псковская область Новоржев
21%
20 144 Кировская область Котельнич
21%
10 890 Пермский край Горнозаводск
21%
8910 Республика Мордовия Краснослободск
21%
8857 Республика Мордовия Ардатов
21%
34 750 Республика Татарстан Азнакаево
21%
15 726 Республика Татарстан Мамадыш
21%
56 514 Республика Башкортостан Сибай
21%
56 505 Республика Башкортостан Мелеуз
21%
31 185 Республика Башкортостан Дюртюли
21%
25 908 Республика Башкортостан Янаул
21%
15 697 Республика Башкортостан Межгорье
21%
28 478 Оренбургская область Сорочинск
21%
18 514 Астраханская область Харабали
21%
24 277 Волгоградская область Калач-на-Дону
21%
16 545 Волгоградская область Краснослободск
21%
55 010 Краснодарский край Белореченск
21%
48 372 Ростовская область Аксай
21%
34 841 Ростовская область Миллерово
21%
24 076 Ростовская область Зерноград
21%
24 802 Чеченская Республика Курчалой
21%
13 538 Чеченская Республика Шелковская
21%
32 982 Кабардино-Балкарская Республика Нарткала
21%
19 990 Кабардино-Балкарская Республика Терек
21%
21 315 Республика Северная Осетия - Алания Алагир
21%
9994 Республика Северная Осетия - Алания Дигора
21%
20 595 Ставропольский край Новопавловск
21%
8502 Курганская область Петухово
21%
26 933 Свердловская область Камышлов
21%
25 396 Свердловская область Карпинск
21%
20 436 Свердловская область Сысерть
21%
19 805 Свердловская область Арамиль
21%
16 233 Свердловская область Нижняя Салда
21%
14 547 Свердловская область Талица
21%
7777 Свердловская область Нижние Серги
21%
6578 Свердловская область Верхотурье
21%
41 315 Ханты-Мансийский автономный округ - Югра Урай
21%
40 977 Ханты-Мансийский автономный округ - Югра Лянтор
21%
19 994 Ханты-Мансийский автономный округ - Югра Белоярский
21%
29 306 Ямало-Ненецкий автономный округ Муравленко
21%
36 591 Челябинская область Коркино
21%
22 548 Челябинская область Верхний Уфалей
21%
8861 Челябинская область Верхнеуральск
21%
73 049 Алтайский край Новоалтайск
21%
27 900 Алтайский край Славгород
21%
14 735 Алтайский край Белокуриха
21%
74 782 Иркутская область Усолье-Сибирское
21%
35 561 Иркутская область Саянск
21%
29 995 Иркутская область Нижнеудинск
21%
18 058 Иркутская область Слюдянка
21%
15 485 Иркутская область Свирск
21%
10 998 Иркутская область Киренск
21%
8 921 Иркутская область Бодайбо
21%
57 147 Новосибирская область Искитим
21%
15 644 Новосибирская область Болотное
21%
20 825 Омская область Калачинск
21%
44 872 Республика Хакасия Саяногорск
21%
12 272 Республика Хакасия Абаза
21%
18 864 Амурская область Зея
21%
4225 Республика Бурятия Бабушкин
21%
33 030 Приморский край Дальнегорск
21%
19 427 Приморский край Фокино
21%
10 045 Республика Саха (Якутия) Вилюйск
21%
10 528 Сахалинская область Невельск
21%
2439 Сахалинская область Северо-Курильск
21%
29 143 Московская область Лосино-Петровский
20%
25 950 Тверская область Удомля
20%
6956 Тверская область Андреаполь
20%
8896 Ивановская область Заволжск
20%
30 194 Калужская область Балабаново
20%
12 746 Тульская область Белёв
20%
935 Тульская область Чекалин
20%
38 680 Брянская область Новозыбков
20%
24 397 Воронежская область Бутурлиновка
20%
14 370 Воронежская область Богучар
20%
25 706 Ленинградская область Коммунар
20%
6954 Калининградская область Полесск
20%
6819 Республика Карелия Суоярви
20%
47 883 Новгородская область Боровичи
20%
14 032 Новгородская область Пестово
20%
5263 Псковская область Пыталово
20%
4070 Псковская область Пустошка
20%
62 208 Нижегородская область Кстово
20%
28 660 Нижегородская область Городец
20%
28 545 Пермский край Добрянка
20%
22 915 Пермский край Губаха
20%
15 319 Пермский край Кизел
20%
14 164 Пермский край Красновишерск
20%
7851 Республика Чувашия Мариинский Посад
20%
10 080 Удмуртская республика Камбарка
20%
39 739 Республика Татарстан Заинск
20%
19 968 Республика Татарстан Буинск
20%
36 175 Республика Башкортостан Учалы
20%
16 293 Ульяновская область Инза
20%
14 924 Ульяновская область Барыш
20%
36 358 Самарская область Кинель
20%
22 709 Саратовская область Аткарск
20%
21 028 Волгоградская область Котово
20%
18 227 Волгоградская область Суровикино
20%
12 526 Волгоградская область Петров Вал
20%
19 992 Чеченская Республика Ойсхара
20%
13 094 Чеченская Республика Серноводское
20%
35 196 Ставропольский край Светлоград
20%
30 713 Ставропольский край Благодарный
20%
16 264 Курганская область Шумиха
20%
14 806 Курганская область Куртамыш
20%
11 881 Курганская область Катайск
20%
8252 Курганская область Щучье
20%
6827 Курганская область Макушино
20%
32 461 Свердловская область Сухой Лог
20%
16 594 Свердловская область Туринск
20%
16 040 Ханты-Мансийский автономный округ - Югра Покачи
20%
19 932 Ямало-Ненецкий автономный округ Тарко-Сале
20%
27 371 Челябинская область Еманжелинск
20%
14 454 Челябинская область Катав-Ивановск
20%
10 130 Челябинская область Юрюзань
20%
25 380 Алтайский край Алейск
20%
9410 Алтайский край Змеиногорск
20%
53 958 Иркутская область Черемхово
20%
41 998 Иркутская область Шелехов
20%
5 373 Иркутская область Алзамай
20%
40 367 Кемеровская область Осинники
20%
40 109 Кемеровская область Мыски
20%
22 375 Кемеровская область Тайга
20%
21 980 Кемеровская область Таштагол
20%
7 088 Кемеровская область Салаир
20%
45 333 Красноярский край Назарово
20%
33 961 Красноярский край Шарыпово
20%
15 945 Красноярский край Иланский
20%
13 334 Красноярский край Кодинск
20%
12 036 Красноярский край Уяр
20%
27 648 Новосибирская область Барабинск
20%
19 900 Новосибирская область Черепаново
20%
20 050 Омская область Исилькуль
20%
6687 Амурская область Сковородино
20%
7831 Еврейская автономная область Облучье
20%
47 306 Приморский край Арсеньев
20%
40 448 Приморский край Большой Камень
20%
23 028 Приморский край Дальнереченск
20%
11 731 Сахалинская область Долинск
20%
9 954 Красноярский край Заозëрный
20%
13 677 Ярославская область Данилов
19%
14 355 Костромская область Волгореченск
19%
41 511 Калужская область Малоярославец
19%
7114 Белгородская область Бирюч
19%
60 879 Воронежская область Россошь
19%
7069 Вологодская область Кириллов
19%
8295 Калининградская область Мамоново
19%
3634 Калининградская область Ладушкин
19%
7631 Республика Карелия Олонец
19%
14 074 Новгородская область Валдай
19%
9949 Новгородская область Окуловка
19%
9659 Кировская область Белая Холуница
19%
16 463 Пермский край Нытва
19%
4502 Пермский край Чердынь
19%
2919 Пермский край Чёрмоз
19%
10 535 Республика Татарстан Тетюши
19%
21 834 Республика Башкортостан Давлеканово
19%
27 333 Самарская область Похвистнево
19%
40 127 Саратовская область Пугачёв
19%
15 216 Саратовская область Новоузенск
19%
10 990 Саратовская область Аркадак
19%
26 596 Оренбургская область Кувандык
19%
17 274 Оренбургская область Абдулино
19%
8633 Волгоградская область Серафимович
19%
40 448 Ростовская область Белая Калитва
19%
11 584 Курганская область Далматово
19%
26 891 Свердловская область Кушва
19%
15 061 Свердловская область Дегтярск
19%
32 478 Челябинская область Трёхгорный
19%
16 103 Челябинская область Бакал
19%
41 272 Алтайский край Заринск
19%
16 424 Алтайский край Яровое
19%
10 112 Алтайский край Горняк
19%
21 719 Иркутская область Вихоревка
19%
8 632 Иркутская область Бирюсинск
19%
27 158 Кемеровская область Топки
19%
25 631 Кемеровская область Полысаево
19%
18 206 Красноярский край Боготол
19%
14 134 Красноярский край Ужур
19%
11 034 Новосибирская область Чулым
19%
10 236 Омская область Называевск
19%
39 169 Томская область Стрежевой
19%
24 913 Томская область Асино
19%
20 824 Томская область Колпашево
19%
1 818 Томская область Кедровый
19%
12 456 Республика Тыва Ак-Довурак
19%
10 124 Республика Хакасия Сорск
19%
21 83 Камчатский край Вилючинск
19%
4297 Магаданская область Сусуман
19%
13 349 Республика Саха (Якутия) Удачный
19%
23 841 Хабаровский край Советская Гавань
19%
6938 Тверская область Старица
18%
12 856 Костромская область Галич
18%
27 318 Владимирская область Киржач
18%
9339 Тульская область Болохово
18%
9359 Орловская область Болхов
18%
5270 Брянская область Злынка
18%
14 424 Вологодская область Грязовец
18%
13 962 Калининградская область Гвардейск
18%
4013 Калининградская область Славск
18%
6895 Псковская область Новосокольники
18%
57 116 Нижегородская область Павлово
18%
29 742 Кировская область Вятские Поляны
18%
6451 Республика Мордовия Темников
18%
33 280 Оренбургская область Гай
18%
35 661 Волгоградская область Фролово
18%
22 016 Волгоградская область Котельниково
18%
24 258 Ростовская область Морозовск
18%
15 006 Челябинская область Касли
18%
10 339 Челябинская область Карабаш
18%
20 766 Новосибирская область Тогучин
18%
15 065 Новосибирская область Купино
18%
8316 Новосибирская область Каргат
18%
9732 Омская область Тюкалинск
18%
11 772 Республика Тыва Шагонар
18%
9732 Республика Тыва Чадан
18%
5044 Республика Тыва Туран
18%
24 310 Республика Бурятия Гусиноозёрск
18%
10 928 Республика Бурятия Закаменск
18%
35 096 Приморский край Спасск-Дальний
18%
34 967 Приморский край Лесозаводск
18%
33 165 Приморский край Партизанск
18%
8457 Республика Саха (Якутия) Олёкминск
18%
33 259 Сахалинская область Корсаков
18%
5534 Костромская область Солигалич
17%
17 276 Владимирская область Юрьев-Польский
17%
42 928 Орловская область Ливны
17%
5623 Белгородская область Короча
17%
21 054 Калининградская область Светлый
17%
10 620 Республика Коми Емва
17%
36 763 Нижегородская область Заволжье
17%
5508 Кировская область Орлов
17%
8100 Пермский край Гремячинск
17%
6290 Пермский край Оханск
17%
42 989 Республика Мордовия Рузаевка
17%
6407 Ульяновская область Сенгилей
17%
57 937 Ростовская область Сальск
17%
8364 Челябинская область Миньяр
17%
24 890 Новосибирская область Карасук
17%
16 178 Амурская область Шимановск
17%
15 860 Амурская область Райчихинск
17%
9253 Амурская область Завитинск
17%
17 880 Республика Бурятия Кяхта
17%
15 290 Забайкальский край Нерчинск
17%
12 390 Забайкальский край Могоча
17%
9948 Забайкальский край Хилок
17%
3118 Республика Саха (Якутия) Среднеколымск
17%
7686 Сахалинская область Углегорск
17%
15 875 Хабаровский край Бикин
17%
40 330 Смоленская область Ярцево
16%
12 666 Владимирская область Гороховец
16%
10 980 Калужская область Белоусово
16%
26 694 Тамбовская область Котовск
16%
8520 Кировская область Кирс
16%
44 354 Республика Чувашия Канаш
16%
18 243 Челябинская область Пласт
16%
16 934 Челябинская область Куса
16%
10 198 Челябинская область Нязепетровск
16%
12 046 Забайкальский край Шилка
16%
15 953 Сахалинская область Поронайск
16%
9626 Сахалинская область Анива
16%
5691 Сахалинская область Макаров
16%
12 791 Хабаровский край Вяземский
16%
14 113 Тверская область Кашин
15%
12 621 Тверская область Калязин
15%
9086 Смоленская область Дорогобуж
15%
36 070 Орловская область Мценск
15%
16 164 Тамбовская область Кирсанов
15%
13 223 Нижегородская область Первомайск
15%
11 535 Нижегородская область Чкаловск
15%
8656 Пензенская область Белинский
15%
14 296 Саратовская область Красный Кут
15%
6093 Забайкальский край Сретенск
15%
6320 Республика Саха (Якутия) Томмот
15%
5429 Ивановская область Гаврилов Посад
14%
9791 Калужская область Таруса
14%
20 871 Воронежская область Бобров
14%
34 002 Архангельская область Коряжма
14%
8647 Вологодская область Тотьма
14%
23 074 Республика Карелия Сегежа
14%
25 075 Нижегородская область Семёнов
14%
7781 Республика Чувашия Козловка
14%
18 983 Ростовская область Пролетарск
14%
42 062 Челябинская область Сатка
14%
29 596 Забайкальский край Борзя
14%
10 055 Республика Саха (Якутия) Нюрба
14%
4299 Сахалинская область Томари
14%
11 017 Тверская область Лихославль
13%
4998 Тверская область Красный Холм
13%
5037 Ярославская область Любим
13%
43 592 Смоленская область Рославль
13%
4591 Рязанская область Спас-Клепики
13%
10 292 Вологодская область Вытегра
13%
7653 Вологодская область Устюжна
13%
9122 Кировская область Луза
13%
7918 Республика Чувашия Ядрин
13%
33 491 Пензенская область Каменка
13%
20 421 Пензенская область Нижний Ломов
13%
15 471 Оренбургская область Ясный
13%
14 966 Волгоградская область Палласовка
13%
60 361 Ростовская область Гуково
13%
35 697 Ростовская область Красный Сулин
13%
19 353 Ростовская область Зверево
13%
10 286 Забайкальский край Балей
13%
5528 Костромская область Макарьев
12%
12 957 Ивановская область Южа
12%
11 189 Калужская область Ермолино
12%
5433 Калужская область Жиздра
12%
4592 Калужская область Спас-Деменск
12%
55 109 Тульская область Щёкино
12%
21 220 Рязанская область Сасово
12%
6317 Курская область Дмитриев
12%
8737 Архангельская область Каргополь
12%
8361 Вологодская область Харовск
12%
4022 Вологодская область Кадников
12%
7309 Псковская область Порхов
12%
9705 Нижегородская область Володарск
12%
14 284 Кировская область Яранск
12%
8428 Кировская область Сосновка
12%
19 793 Республика Мордовия Ковылкино
12%
56 031 Волгоградская область Михайловка
12%
20 439 Костромская область Шарья
11%
7911 Смоленская область Ельня
11%
30 694 Ивановская область Вичуга
11%
17 598 Тульская область Суворов
11%
25 708 Рязанская область Скопин
11%
20 197 Рязанская область Ряжск
11%
3512 Орловская область Малоархангельск
11%
32 826 Архангельская область Новодвинск
11%
5460 Вологодская область Красавино
11%
9928 Псковская область Опочка
11%
8448 Кировская область Уржум
11%
7920 Республика Мордовия Инсар
11%
15 555 Волгоградская область Жирновск
11%
17 207 Ростовская область Константиновск
11%
33 560 Тверская область Конаково
10%
18 603 Тверская область Нелидово
10%
11 441 Тверская область Торопец
10%
19 977 Костромская область Нерехта
10%
37 055 Смоленская область Сафоново
10%
36 203 Владимирская область Вязники
10%
14 332 Ивановская область Приволжск
10%
36 545 Тульская область Ефремов
10%
5705 Рязанская область Спасск-Рязанский
10%
9887 Липецкая область Задонск
10%
13 287 Брянская область Трубчевск
10%
8288 Республика Коми Микунь
10%
14 302 Новгородская область Чудово
10%
6246 Псковская область Себеж
10%
18 095 Саратовская область Ершов
10%
21 719 Ростовская область Семикаракорск
10%
7816 Костромская область Нея
9%
6005 Смоленская область Велиж
9%
7899 Ивановская область Юрьевец
9%
49 427 Тульская область Узловая
9%
12 668 Тульская область Венёв
9%
16 752 Рязанская область Новомичуринск
9%
5791 Рязанская область Шацк
9%
39 023 Тамбовская область Моршанск
9%
17 628 Брянская область Жуковка
9%
3342 Калининградская область Нестеров
9%
7207 Республика Карелия Пудож
9%
29 148 Кировская область Слободской
9%
30 220 Пензенская область Сердобск
9%
7796 Пензенская область Городище
9%
37 850 Саратовская область Ртищево
9%
6217 Тверская область Зубцов
8%
13 043 Костромская область Мантурово
8%
4252 Костромская область Чухлома
8%
2468 Костромская область Кологрив
8%
8490 Смоленская область Рудня
8%
6261 Смоленская область Демидов
8%
3866 Смоленская область Духовщина
8%
39 410 Владимирская область Кольчугино
8%
17 444 Владимирская область Собинка
8%
12 861 Владимирская область Лакинск
8%
12 028 Владимирская область Камешково
8%
31 305 Ивановская область Тейково
8%
30 940 Ивановская область Кохма
8%
6879 Ивановская область Пучеж
8%
4251 Калужская область Мосальск
8%
63 837 Тульская область Донской
8%
15 269 Тульская область Ясногорск
8%
8325 Тульская область Липки
8%
21 200 Рязанская область Рыбное
8%
5177 Орловская область Дмитровск
8%
2938 Орловская область Новосиль
8%
19 662 Липецкая область Усмань
8%
47 644 Тамбовская область Рассказово
8%
23 584 Тамбовская область Уварово
8%
17 687 Брянская область Стародуб
8%
6732 Брянская область Севск
8%
14 927 Курская область Щигры
8%
4691 Курская область Фатеж
8%
31 699 Воронежская область Острогожск
8%
5948 Воронежская область Новохопёрск
8%
17 626 Нижегородская область Шахунья
8%
7681 Нижегородская область Ветлуга
8%
19 629 Кировская область Омутнинск
8%
8262 Кировская область Нолинск
8%
26 873 Республика Чувашия Шумерля
8%
10 822 Республика Марий Эл Звенигово
8%
7351 Смоленская область Починок
7%
10 408 Владимирская область Судогда
7%
24 101 Ивановская область Родники
7%
35 276 Калужская область Людиново
7%
14 407 Калужская область Сухиничи
7%
11 637 Калужская область Кремёнки
7%
11 259 Калужская область Сосенский
7%
6470 Калужская область Юхнов
7%
26 475 Тульская область Кимовск
7%
25 560 Тульская область Киреевск
7%
16 893 Тульская область Плавск
7%
13 883 Тамбовская область Жердевка
7%
24 274 Брянская область Унеча
7%
17 449 Брянская область Карачев
7%
11 176 Брянская область Сураж
7%
11 844 Курская область Обоянь
7%
27 938 Воронежская область Семилуки
7%
32 184 Нижегородская область Кулебаки
7%
21 657 Нижегородская область Лысково
7%
20 256 Нижегородская область Сергач
7%
12 450 Нижегородская область Урень
7%
8999 Нижегородская область Перевоз
7%
2009 Нижегородская область Горбатов
7%
9767 Кировская область Зуевка
7%
6931 Кировская область Малмыж
7%
6034 Пензенская область Сурск
7%
14 949 Саратовская область Калининск
7%
14 779 Волгоградская область Дубовка
7%
9262 Тверская область Кувшиново
6%
7469 Смоленская область Сычёвка
6%
13 407 Владимирская область Меленки
6%
13 150 Владимирская область Карабаново
6%
11 774 Владимирская область Струнино
6%
7113 Владимирская область Костерёво
6%
6309 Владимирская область Курлово
6%
8167 Ивановская область Наволоки
6%
8042 Калужская область Медынь
6%
3722 Калужская область Мещовск
6%
19 726 Липецкая область Данков
6%
11 579 Липецкая область Чаплыгин
6%
25 255 Брянская область Дятьково
6%
15 906 Брянская область Сельцо
6%
14 991 Брянская область Почеп
6%
6919 Брянская область Мглин
6%
10 024 Воронежская область Эртиль
6%
8449 Новгородская область Сольцы
6%
14 664 Нижегородская область Навашино
6%
12 652 Нижегородская область Лукоянов
6%
10 162 Нижегородская область Ворсма
6%
6447 Нижегородская область Княгинино
6%
5700 Кировская область Мураши
6%
12 042 Саратовская область Хвалынск
6%
15 351 Волгоградская область Новоаннинский
6%
15 734 Калужская область Кондрово
5%
10 084 Рязанская область Кораблино
5%
16 417 Воронежская область Поворино
5%
4524 Архангельская область Шенкурск
5%
26 679 Челябинская область Карталы
5%
5155 Саратовская область Шиханы
4%
No matching quizzes found
Score Distribution
Percent of People with Each Score
Percentile by Number Answered
Your Score History
You have not taken this quiz